Religion Quiz

Random Religion or Italian Quiz

Slideshow: Churches of Italy Quiz Stats

 Plays Quiz not verified by Sporcle

Score 0/20 Timer 10:00
0 Plays Today
% Correct
Basilica di San Pietro
86.5%
Cappella Sistina
52.2%
Pantheon
47.3%
Cattedrale di Santa Maria del Fiore
43.7%
Duomo di Pisa
42.5%
Duomo di Milano
42%
Basilica di San Marco
40.1%
Duomo di Siena
18.6%
Basilica di San Francesco
16.9%
Cattedrale di Palermo
14.2%
% Correct
Basilica di San Giovanni in Laterano
11.8%
Duomo di Orvieto
9.9%
Basilica di San Paolo fuori le mura
7.7%
Basilica di Santa Maria Maggiore
7.1%
Basilica di Santa Maria della Salute
6.5%
Basilica di Superga
6.2%
Basilica di Sant'Antonio di Padova
6.1%
Basilica di San Nicola
5.9%
Chiesa del Gesù
5.8%
Basilica di San Giorgio Maggiore
4.3%

You're not logged in!

Compare scores with friends on all Sporcle quizzes.
Join for Free
OR
Log In

You Might Also Like...

Show Comments

Extras

Top Quizzes Today


Score Distribution

Your Account Isn't Verified!

In order to create a playlist on Sporcle, you need to verify the email address you used during registration. Go to your Sporcle Settings to finish the process.

Report this User

Report this user for behavior that violates our Community Guidelines.

Details: